000 00699nam a2200229 i 4500
001 3178762
005 20250826115229.0
008 761101s1976 maua b 001 0 eng
010 _a 76009916
020 _a0878721193
040 _aDLC
_cDLC
_dDLC
050 0 0 _aBF637.C6
_bO58 1976
100 1 _aOkun, Barbara F.
245 1 0 _aEffective helping :
_binterviewing and counseling techniques
260 _aNorth Scituate, Mass. :
_bDuxbury Press,
_cc1976.
300 _a229 p. :
_bill. ;
_c24 cm.
504 _aIncludes bibliographical references and index.
650 0 _aCounseling.
650 0 _aHelping behavior.
906 _a7
_bcbc
_corignew
_d2
_eocip
_f19
_gy-gencatlg
942 _2lcc
_cBK
999 _c34790
_d34790